000 00518 a2200181 4500
001 57355
005 20260407155835.0
008 260407a1955 arg spa d
003 AR-UNSa-BCEJYS
040 _aAR-UNSa-BCEJYS
_bspa
_cAR-UNSa-BCEJYS
080 _a911.3:33
_xGeografía económica
245 1 0 _aEl hombre economizante como estructurador de la Tierra
264 1 _aBarcelona :
_bOmega
_c1955
300 _a310 p.
_c25 cm.
942 _cBK
590 _aniveau_biblio:m niveau_hierar:0
100 1 _aFels, Edwin
999 _c6189
_d6189